000 00414nam a22001577a 4500
005 20240807090813.0
008 240807b |||||||| |||| 00| 0 eng d
082 _a612
_bCOO-T
245 _aCooper and Dunn's Tutorial Pharmacy /
_cCarter.s.j
250 _a6th ed.
260 _c2008
300 _aix,469p.
_bill;
_c24 cm.
500 _a include index .
650 _aPharmacy / tutorial pharmacy
999 _c36318
_d36318